000 01226cam a22003257a 4500
003 CHAP
005 20220329142611.0
008 020325d2002 mx bd r 00110 spa d
010 _a85508
011 _a86480
035 _a97018
040 _cCHAP
090 _aTesis
100 0 0 _aBernal Lastiri, Maria del Carmen.
_911894
245 1 3 _aLa participación de la mujer rural en las actividades socioeconómicas del municipio de Pánuco, Zacatecas
_c/por Maria del Carmen Bernal Lastiri
260 _aChapingo, Méx. :
_bEl autor,
_c2002
300 _a87 h. :
_bgráfs. ; mapa ; cuadros
502 _aTesis (M. C. en Desarrollo Rural Regional) -- UACH. Dirección de Centros Regionales
590 _aALEPH
_b10
_c20130110
_lUCH01
_h1446
590 _aBATCH-UPD
_b10
_c20130110
_lUCH01
_h0604
590 _aCONVERSION
_b10
_c20130109
_lUCH01
_h1347
650 1 4 _aMujer en agricultura.
_979359
650 1 4 _aMujer en comunidades rurales
_zZacatecas.
_979398
650 1 4 _aTrabajo de la mujer.
_9114490
901 _aBK
905 _aMarco A. Mendoza T
942 _cFOLL
949 _aTesis
_bBC
_cTES
_d33724000861092
_eTS2
_fc.2
_gDonaciØn
_h39367
_i97018
_si
949 _aTesis
_bBC
_cTES
_d970181
_eTS1
_gDonaciØn
_h39366
_i97018
_sb
999 _c85508
_d85508